The Montessori method : the origins of an educational innovation : including an abridged and annotated edition of Maria Montessori's The Montessori method /

Bibliographic Details
Main Author: Montessori, Maria, 1870-1952
Other Authors: Gutek, Gerald Lee
Format: Book
Language:English
Published: Lanham, MD : Rowman & Littlefield Publishers, [2004]
Subjects:
Online Access:Table of contents

MARC

Tag First Indicator Second Indicator Subfields
LEADER 00000cam a2200000 a 4500
001 in00002012503
005 20151031145323.0
008 040108s2004 mdua b 001 0deng
010 |a  2004000420 
020 |a 0742519112 (cloth : alk. paper) 
020 |a 0742519120 (pbk. : alk. paper) 
035 |a (OCoLC)ocm54007208 
040 |a DLC  |c DLC  |d C#P  |d YBM  |d UtOrBLW 
041 1 |a eng  |h ita 
043 |a e-it--- 
049 |a TXAM 
050 0 0 |a LB775.M76  |b M6713 2004 
082 0 0 |a 372.139/2  |2 22 
100 1 |a Montessori, Maria,  |d 1870-1952. 
240 1 0 |a Metodo della pedagogia scientifica.  |l English 
245 1 4 |a The Montessori method :  |b the origins of an educational innovation : including an abridged and annotated edition of Maria Montessori's The Montessori method /  |c Maria Montessori ; edited by Gerald Lee Gutek. 
264 1 |a Lanham, MD :  |b Rowman & Littlefield Publishers,  |c [2004] 
264 4 |c ©2004 
300 |a x, 295 pages :  |b illustrations ;  |c 23 cm. 
336 |a text  |b txt  |2 rdacontent 
337 |a unmediated  |b n  |2 rdamedia 
338 |a volume  |b nc  |2 rdacarrier 
504 |a Includes bibliographical references (pages 283-284) and index. 
505 0 |a A biography of Montessori and an analysis of the Montessori method -- I: An annotated edition of Maria Montessori's The Montessori method -- 1. A critical consideration of the new pedagogy in its relation to modern science -- 2. History of methods -- 3. Inaugural address delivered on the occasion of the opening of one of the "children's houses" -- 4. Pedagogical methods used in the "children's houses" -- 5. Discipline -- 6. How the lessons should be given -- 7. Exercises of practical life -- 8. Reflection--the child's diet -- 9. Muscular education--gymnastics -- 10. Nature in education--agricultural labor: culture of plants and animals -- 11. Manual labor--the potter's art and building -- 12. Education of the senses -- 13. Education of the senses and illustrations of the didactic material: general sensibility; the tactile, thermic, baric, and stereognostic senses -- 14. General notes on the education of the senses -- 15. Intellectual education -- 16. Methods for the teaching of reading and writing -- 17. Description of the method and didactic material used -- 18. Language in childhood -- 19. Teaching of numeration: introduction to arithmetic -- 20. Sequence of exercises -- 21. General review of discipline -- 22. Conclusions and impressions -- II: Related documents -- 23. Interpretation of Montessori's lecture translated by Anne E. George -- 24. Excerpts from The Montessori system examined William H. Kilpatrick. 
650 0 |a Montessori method of education. 
650 0 |a Education, Preschool  |x Philosophy. 
600 1 0 |a Montessori, Maria,  |d 1870-1952. 
650 0 |a Women educators  |z Italy  |v Biography. 
700 1 |a Gutek, Gerald Lee. 
856 4 1 |3 Table of contents  |u http://www.loc.gov/catdir/toc/ecip0413/2004000420.html  |t 0 
948 |a cataloged  |b h  |c 2005/2/24  |d c  |e ceaton  |f 11:17:54 am 
994 |a C0  |b TXA 
999 |a MARS 
999 f f |s 6c15cad0-0852-3271-921c-212eaf4cf185  |i b0e4b119-c5a3-3dc9-8a97-98d95f64371d  |t 0 
952 f f |p normal  |a Texas A&M University  |b College Station  |c Sterling C. Evans Library  |d Evans: Library Stacks  |t 0  |e LB775.M76 M6713 2004  |h Library of Congress classification  |i unmediated -- volume  |m A14832304322 
998 f f |a LB775.M76 M6713 2004  |t 0  |l Evans: Library Stacks